• 首页
  • 本馆介绍
  • 公告通知
  • 最新文献
  • 馆藏检索
  • 电子资源
  • 读者导购
  • 参考咨询
  • 我的图书馆
  • 登录
  • 详细信息显示
  • 放入我的书架
  • 预约/预借图书
  • 作者相关作品
  • 分类相关作品
  • 丛书相关作品
  • 出版社相关作品

书目信息

  • 表格格式
  • 工作单格式
  • 卡片格式
题名:
传染病学
    
 
作者: 王明琼 主编
分册:  
出版信息: 北京   科学出版社  2012
页数: 174页
开本: 28cm
丛书名:
单 册:
中图分类: R51
科图分类:
主题词: 传染病--医学院校--教材
电子资源:
ISBN: 978-7-03-033461-9
000 00895nam0 2200253 450
001 012015000133
005 20150914161014.12
010    @a978-7-03-033461-9@dCNY29.80
100    @a20120504d2012 em y0chiy50 ea
101 0  @achi
102    @aCN@b110000
105    @aa z 000yy
106    @ar
200 1  @a传染病学@Achuan ran bing xue@f王明琼主编
205    @a3版
210    @a北京@c科学出版社@d2012
215    @a174页@c图@d28cm
300    @a普通高等教育“十一五”国家级规划教材 全国医药高等学校规划教材 技能型紧缺人才培养培训教材 供高专、高职临床医学等相关专业使用
330    @a本书按传染病学总论、病毒性传染病、细菌性传染病、螺旋体病、原虫感染性疾病、蠕虫感染性疾病的顺序编写。全书分为6章,共编写了33种传染病。
606 0  @a传染病@x医学院校@j教材
690    @aR51@v5
701  0 @a王明琼@Awang ming qiong@4主编
801  0 @aCN@b碧洲教育@c20150716
905    @a10447@f4@dR51@e126=3
    
    传染病学/王明琼主编.-3版.-北京:科学出版社,2012
    174页:图;28cm
    普通高等教育“十一五”国家级规划教材 全国医药高等学校规划教材 技能型紧缺人才培养培训教材 供高专、高职临床医学等相关专业使用
    
    ISBN 978-7-03-033461-9:CNY29.80
    本书按传染病学总论、病毒性传染病、细菌性传染病、螺旋体病、原虫感染性疾病、蠕虫感染性疾病的顺序编写。全书分为6章,共编写了33种传染病。
●
相关链接 在E读中查询图书 在五车中查询图书 在当当中查询图书 在豆瓣中查询图书


正题名:传染病学     索取号:R51/126=3         预约/预借

序号 登录号 条形码 馆藏地/架位号 状态 备注
1 0870493   208704936   第二样本阅览室/ [索取号:R51/126=3] 在馆    
2 0870494   208704945   第三借阅区/ [索取号:R51/126=3] 在馆    
3 0870495   208704954   第三借阅区/ [索取号:R51/126=3] 在馆    
4 0870496   208704963   密集书库-生命科学系/ [索取号:R51/126=3] 在馆    
唐山师范学院图书馆 欢迎您!
大连网信软件有限公司© 版权所有